000 00479pam a2200169 a 4500
020 _a0070155860
040 _cDLC
082 0 0 _a658 HIL 1989 A048 Or.
100 1 _aDaughtrey, Anne Scott.
245 1 0 _aContemporary supervision :
_bmanaging people and technology /
250 _a1st ed.
260 _aNew York :
_bMcGraw-Hill,
_cc1989.
300 _axx, 588 p. :
_bill. (some col.) ;
_c24 cm.
650 0 _aSupervision of employees.
700 1 _aRicks, Betty R.
942 _cEK
999 _c13848
_d13848